Statistiche per Tre bandiere di paesi a strisce orizzontali

Clicka qui per fare il quiz!

Statistiche generali

  • Questo quiz è stato fatto 19 volte
  • Il punteggio medio è 11 su 13

Statistiche sulle risposte

Risposta% Corretto
Estonia
100%
Germania
100%
Russia
100%
Bulgaria
95%
Lituania
95%
Paesi Bassi
95%
Ungheria
95%
Lussemburgo
84%
Armenia
79%
Bolivia
74%
Yemen
68%
Gabon
63%
Sierra Leone
63%

Distribuzione punteggi

Percentile per numero di risposta

Percentuale di utenti per punteggio

I tuoi punteggi nel tempo

Non hai fatto questo quiz